000 00266nam a2200097Ia 4500
001 704446
005 20250826162411.0
008 250824s9999 xx 000 0 und d
245 0 _aYA BEN İSTANBULU ALACAĞIM YA İSTANBUL BENİ
_cAYLA ABAK
260 _bTİMAŞ YAYINLARI
999 _c704446
_d704446